| 000 | 00515nam a2200193 a 4500 | ||
|---|---|---|---|
| 005 | 20140310183414.0 | ||
| 008 | 070920s19uu xx 00 eng d | ||
| 020 | _a0071462015 | ||
| 050 |
_aHF 5438.25 _b.B7453 2006 |
||
| 100 | _aBrooks, William T. | ||
| 245 | _aPerfect phrases for sales call. / | ||
| 260 |
_aNew York : _bMcGraw-Hill, Inc, _c2006. |
||
| 300 |
_a206 p. : _bill. ; _c23 cm. |
||
| 521 | _aBSBA | ||
| 650 | _aSelling. | ||
| 650 | _aSales management. | ||
| 942 |
_cBK _2lcc _kFOR |
||
| 999 |
_c22542 _d22542 |
||